| 000 | 00584nam a2200181 a 4500 | ||
|---|---|---|---|
| 001 | 5092 | ||
| 003 | CDMR | ||
| 005 | 20131001132132.0 | ||
| 008 | 130130s1983||||||||||||||||||||||||||||d | ||
| 040 |
_aCDMR _bcat _cCDMR |
||
| 245 | 3 |
_aLa televisión _b: entre servicio público y negocio : estudios sobre la transformación televisiva en europa Occidnetal _cGiuseppe Richeri (ed.) |
|
| 260 |
_aBarcelona _c1983 _bGustavo Gili |
||
| 490 | 0 | _aMassMedia | |
| 650 | 0 | 4 |
_93108 _aTelevisió pública |
| 650 | 0 | 4 |
_93092 _aIndústria audiovisual |
| 700 | 1 |
_9869 _aRicheri, Giuseppe |
|
| 942 |
_cMON _2udc |
||
| 999 |
_c5092 _d5092 |
||